Normal view
MARC view
Entry Topical Term
001 - CONTROL NUMBER
- control field: 772404
003 - CONTROL NUMBER IDENTIFIER
- control field:
005 - DATE AND TIME OF LATEST TRANSACTION
- control field: 20210627053436.0
008 - FIXED-LENGTH DATA ELEMENTS
- fixed length control field: 210627|| aca||aabn | a|a d
040 ## - CATALOGING SOURCE
- Original cataloging agency:
- Transcribing agency:
150 ## - HEADING--TOPICAL TERM
- Topical term or geographic name entry element: Geology
- Geographic subdivision: North America
- General subdivision: Survey
670 ## - SOURCE DATA FOUND
- Source citation: Work cat.: ()653238: King, Philip Burke, 1903- 714662, The tectonics of North America;, 1969
